| 000 | 01011nam a22002417a 4500 | ||
|---|---|---|---|
| 010 | _aA-824854 | ||
| 020 | _c150.00 | ||
| 035 | _aA-824854 | ||
| 037 | _aCen Lib / Ret | ||
| 040 |
_aDPL _bPN |
||
| 082 |
_a857 _bਗਰਗ |
||
| 245 |
_aਵਿਅੰਗ-ਤਰੰਗ / _bਹਾਸ-ਿਵਅੰਗ ਲੇਖ _cਕੇ. ਐਲ. ਗਰਗ |
||
| 246 |
_aVyang-tarang : collection essays of the humour and staire / _bedited by K. L. Garg |
||
| 260 |
_aਚੰਡੀਗੜ੍ਹ _bਨੈਸ਼ਨਲ ਬੁਕ ਸ਼ਾਪ _c1996 |
||
| 270 |
_aਪਲਈਅਰ ਗਾਰਡਨ ਮਾਰਕਿਟ, ਚਾਂਦਨੀ ਚੌਕ _bਦਿੱਲੀ _e110006 |
||
| 300 |
_a165p ; _b24cm |
||
| 650 |
_aPunjabi literature _9141159 |
||
| 650 |
_aPunjabi literature -- essays _9133522 |
||
| 650 |
_aਪੰਜਾਬੀ ਸਾਹਿਤ _9141160 |
||
| 650 |
_aਪੰਜਾਬੀ ਸਾਹਿਤ - ਲੇਖ _96444 |
||
| 700 |
_aਗਰਗ, ਕੇ. ਐਲ. _942260 |
||
| 942 |
_2ddc _cPN _h857 _mਗਰਗ |
||
| 999 |
_c111128 _d111128 |
||